[Event "Timbo op 3rd"]
[Site "Timbo"]
[Date "2023.11.05"]
[Round "5"]
[White "De Souza, Joao Francisco Biz"]
[Black "Ramos, Rafael Cabreira"]
[Result "1-0"]
[WhiteElo "1535"]
[BlackElo "1302"]
[PlyCount "127"]
[EventDate "2023.11.03"]
[EventType "swiss"]
[EventRounds "6"]
[EventCountry "BRA"]
[SourceTitle "CB49_2023"]
[SourceDate "2023.12.06"]
[SourceVersion "1"]
[SourceVersionDate "2023.12.06"]
[SourceQuality "1"]

1. Nf3 d5 2. b3 f5 3. Bb2 e6 4. d4 Nf6 5. Nbd2 Bd6 6. e3 0-0 7. c4 c6 8. Be2 h6 9. Qc2 Qe8 10. h3 g5 11. 0-0-0 Ne4 12. Rdf1 Qe7 13. g4 Ba3 14. Nxe4 fxe4 15. Ne5 Bxb2+ 16. Kxb2 Qg7 17. f4 Nd7 18. Qc3 Nxe5 19. fxe5 Bd7 20. c5 Be8 21. Rxf8+ Qxf8 22. Rf1 Qe7 23. Rf6 Kg7 24. Qe1 Bg6 25. h4 Rh8 26. h5 Be8 27. Qf1 Rf8 28. Rxf8 Qxf8 29. Qxf8+ Kxf8 30. b4 Ke7 31. a4 a6 32. Kb3 Kd8 33. b5 cxb5 34. axb5 Bxb5 35. Bxb5 axb5 36. Kb4 Kd7 37. Kxb5 Kc7 38. Kb4 Kd7 39. Ka4 Kd8 40. Ka5 Kd7 41. Kb6 Kc8 42. c6 Kb8 43. Kc5 bxc6 44. Kxc6 Ka7 45. Kd6 Kb6 46. Kxe6 Kb5 47. Kxd5 Kb4 48. e6 Kc3 49. Kxe4 Kd2 50. e7 Ke2 51. e8Q Kf2 52. Qg6 Kg3 53. Qxh6 Kh4 54. d5 Kh3 55. Qxg5 Kg2 56. Qf4 Kh3 57. g5 Kg2 58. g6 Kg1 59. g7 Kh1 60. Qf1+ Kh2 61. h6 Kg3 62. g8Q+ Kh4 63. Qf4+ Kh5 64. Qgg5# 1-0

[Event "Timbo op 3rd"]
[Site "Timbo"]
[Date "2023.11.05"]
[Round "6"]
[White "De Souza, Joao Francisco Biz"]
[Black "Weise, William Ferreira"]
[Result "0-1"]
[WhiteElo "1535"]
[BlackElo "1831"]
[PlyCount "120"]
[EventDate "2023.11.03"]
[EventType "swiss"]
[EventRounds "6"]
[EventCountry "BRA"]
[SourceTitle "CB49_2023"]
[SourceDate "2023.12.06"]
[SourceVersion "1"]
[SourceVersionDate "2023.12.06"]
[SourceQuality "1"]

1. Nf3 Nf6 2. c4 e6 3. d4 Bb4+ 4. Bd2 a5 5. a3 Bxd2+ 6. Nbxd2 d5 7. e3 b6 8. Qc2 Ba6 9. Bd3 Nbd7 10. 0-0 Rc8 11. c5 Bxd3 12. Qxd3 bxc5 13. dxc5 c6 14. b4 Rb8 15. Nd4 Qc8 16. Qc3 axb4 17. axb4 0-0 18. Rfb1 Re8 19. Ra7 g6 20. b5 cxb5 21. c6 Ne5 22. Nxb5 d4 23. Nxd4 Ne4 24. Rxb8 Qxb8 25. c7 Nxc3 26. cxb8Q Rxb8 27. h3 Rb2 28. Rc7 Ne2+ 29. Nxe2 Rxd2 30. Nd4 h5 31. Rc2 Rd1+ 32. Kh2 Nd3 33. Kg3 g5 34. Nf3 f6 35. Rd2 h4+ 36. Kg4 Rxd2 37. Nxd2 Nxf2+ 38. Kf3 Nd3 39. e4 Kg7 40. Ke3 Ne5 41. Kd4 Kg6 42. Nb3 Nd7 43. Nd2 Kh5 44. Nf1 g4 45. Nh2 Ne5 46. Ke3 Kg5 47. Nf1 Ng6 48. Nh2 gxh3 49. gxh3 e5 50. Nf3+ Kh5 51. Ng1 Nf4 52. Kf3 Kg5 53. Ke3 Ne6 54. Kf3 Nd4+ 55. Ke3 Kg6 56. Kd3 Kh6 57. Kd2 Kh5 58. Kd3 Kg5 59. Ke3 f5 60. exf5 Kxf5 0-1

[Event "Timbo op 3rd"]
[Site "Timbo"]
[Date "2023.11.04"]
[Round "3"]
[White "Botelho, Davi Arthur Volpi"]
[Black "De Souza, Joao Francisco Biz"]
[Result "0-1"]
[WhiteElo "1230"]
[BlackElo "1535"]
[PlyCount "110"]
[EventDate "2023.11.03"]
[EventType "swiss"]
[EventRounds "6"]
[EventCountry "BRA"]
[SourceTitle "CB49_2023"]
[SourceDate "2023.12.06"]
[SourceVersion "1"]
[SourceVersionDate "2023.12.06"]
[SourceQuality "1"]

1. c4 e6 2. d4 d5 3. Nc3 Nf6 4. Bg5 c6 5. Nf3 Be7 6. e3 Nbd7 7. cxd5 exd5 8. Bd3 h6 9. Bh4 Nb6 10. Ne5 Nfd7 11. Bg3 Nxe5 12. Bxe5 Bf6 13. Bg3 Be6 14. Ne2 Qd7 15. Nf4 Bf5 16. Qc2 Bxd3 17. Nxd3 Qe7 18. Qc5 Qe4 19. Nf4 Nc4 20. Qb4 b6 21. 0-0 a5 22. Qb3 0-0 23. Rad1 Rfe8 24. h3 Qf5 25. Qd3 Qd7 26. Qc2 Rac8 27. Nd3 Re4 28. Rfe1 Rce8 29. b3 Nd6 30. Rc1 Rc8 31. Ne5 Bxe5 32. Bxe5 Nb5 33. Qe2 f6 34. f3 Rh4 35. Bg3 Rh5 36. Bh2 Rg5 37. f4 Rg6 38. Kh1 f5 39. Rg1 Re6 40. Qd3 Re4 41. g4 Rce8 42. Rg3 fxg4 43. hxg4 Na7 44. f5 Qe7 45. Bg1 Qh4+ 46. Kg2 Rxg4 47. Bf2 Qg5 48. Rxg4 Qxg4+ 49. Kf1 Qf3 50. Qa6 Qh1+ 51. Bg1 Rxe3 52. Rc2 Qh3+ 53. Rg2 Rg3 54. Qe2 Rxg2 55. Qxg2 Qxf5+ 0-1

[Event "Brasilia JEBS op"]
[Site "Brasilia"]
[Date "2023.10.29"]
[Round "3"]
[White "Lima, Victor Garret De Ab"]
[Black "De Souza, Joao Francisco Biz"]
[Result "0-1"]
[WhiteElo "1800"]
[BlackElo "1535"]
[PlyCount "93"]
[EventDate "2023.10.28"]
[EventType "swiss"]
[EventRounds "6"]
[EventCountry "BRA"]
[SourceTitle "Mega2024 Update 01"]
[Source "Chessbase"]
[SourceDate "2023.11.12"]
[SourceVersion "1"]
[SourceVersionDate "2023.11.12"]
[SourceQuality "1"]

1. e4 c5 2. c3 e6 3. d4 cxd4 4. cxd4 d5 5. e5 Nc6 6. Nf3 Qb6 7. a3 Bd7 8. Nc3 a6 9. Rb1 Rc8 10. Na4 Qa7 11. b4 Nge7 12. Nc5 Nb8 13. Bb2 b6 14. Nxd7 Qxd7 15. Bd3 Ng6 16. Qd2 Be7 17. 0-0 0-0 18. Rbc1 Qb7 19. g3 Nd7 20. Qe2 b5 21. Nd2 Nb6 22. Nb3 Nc4 23. Nc5 Bxc5 24. bxc5 Ne7 25. f4 Nf5 26. Bxf5 exf5 27. Rb1 Rb8 28. Qe1 Qc7 29. Kg2 a5 30. Bc3 Nxa3 31. Bxa5 Qc6 32. Rc1 Ra8 33. Bb4 Nc4 34. Rf2 Ra4 35. Ra1 Rfa8 36. Rxa4 Rxa4 37. Qb1 g6 38. Bc3 b4 39. Be1 Qb5 40. Rf3 Na5 41. Qb2 b3 42. Bxa5 Ra2 43. Bc3 Rxb2+ 44. Bxb2 Kf8 45. Kh3 Qc4 46. Kh4 Qe2 47. g4 0-1

[Event "Blumenau STD op"]
[Site "Blumenau"]
[Date "2018.09.30"]
[Round "5"]
[White "De Souza, Joao Francisco Biz"]
[Black "Venter, Paulo Regis"]
[Result "0-1"]
[WhiteElo "1766"]
[BlackElo "1592"]
[PlyCount "28"]
[EventDate "2018.09.28"]
[EventType "swiss"]
[EventRounds "6"]
[EventCountry "BRA"]
[SourceTitle "EXT 2020"]
[Source "ChessBase"]
[SourceDate "2019.10.17"]
[SourceVersion "1"]
[SourceVersionDate "2019.10.17"]
[SourceQuality "1"]

1. e4 e5 2. Nf3 Nc6 3. Bc4 Nf6 4. Nc3 Be7 5. Ng5 0-0 6. d3 d6 7. Nb5 a6 8. Nc3 Nd4 9. Nxf7 Rxf7 10. Bg5 Be6 11. Bxf6 Bxf6 12. Nd5 c6 13. Nxf6+ Qxf6 14. Bxe6 Qxf2# 0-1